[Event "Helsingor Xtracon op"]
[Site "Helsingor"]
[Date "2017.07.23"]
[Round "2"]
[White "Jansson, Helge"]
[Black "Stern, Geoffrey"]
[Result "0-1"]
[WhiteElo "1627"]
[BlackElo "1897"]
[PlyCount "58"]
[EventDate "2017.07.22"]
[EventType "swiss"]
[EventRounds "10"]
[EventCountry "DEN"]
[SourceTitle "CBM 179 Extra"]
[Source "ChessBase"]
[SourceDate "2017.08.23"]
[SourceVersion "1"]
[SourceVersionDate "2017.08.23"]
[SourceQuality "1"]

1. e4 e6 2. d4 d5 3. Nc3 Bb4 4. e5 Qd7 5. Nf3 b6 6. a3 Bxc3+ 7. bxc3 Ba6 8. Bd3 Ne7 9. 0-0 Qa4 10. Bxa6 Qxa6 11. Qd3 0-0 12. a4 Qxd3 13. cxd3 Nbc6 14. Ba3 Rfc8 15. Nd2 h5 16. f4 Nf5 17. Rf2 Na5 18. Re1 Rab8 19. g4 hxg4 20. Rg2 Nh6 21. Nf1 c5 22. Ne3 cxd4 23. cxd4 Rc3 24. Bd6 Rbc8 25. Nxg4 Nxg4 26. Rxg4 Nc6 27. Re3 Nxd4 28. Kf2 Rc2+ 29. Kg3 Nf5+ 0-1

[Event "Helsingor Xtracon op"]
[Site "Helsingor"]
[Date "2017.07.22"]
[Round "1"]
[White "Kvamme, John Agnar"]
[Black "Jansson, Helge"]
[Result "1-0"]
[WhiteElo "2116"]
[BlackElo "1627"]
[PlyCount "41"]
[EventDate "2017.07.22"]
[EventType "swiss"]
[EventRounds "10"]
[EventCountry "DEN"]
[SourceTitle "CBM 179 Extra"]
[Source "ChessBase"]
[SourceDate "2017.08.23"]
[SourceVersion "1"]
[SourceVersionDate "2017.08.23"]
[SourceQuality "1"]

1. Nf3 Nf6 2. g3 d5 3. Bg2 e6 4. 0-0 Be7 5. d3 0-0 6. Nbd2 b6 7. e4 Bb7 8. e5 Nfd7 9. Re1 c5 10. Nf1 Nc6 11. h4 Qc7 12. Bf4 Rfd8 13. N1h2 d4 14. h5 Nb4 15. h6 g6 16. Ng4 Nd5 17. Bg5 Bxg5 18. Nxg5 Nb8 19. Ne4 Nc6 20. Qf3 Qe7 21. Nd6 1-0

[Event "Fredrikstad CC-ch"]
[Site "Fredrikstad"]
[Date "2002.02.27"]
[Round "3"]
[White "Slang, Harry"]
[Black "Jansson, Helge"]
[Result "1-0"]
[WhiteElo "1237"]
[BlackElo "1201"]
[PlyCount "96"]
[EventDate "2002.01.??"]
[EventType "swiss"]
[EventRounds "11"]
[EventCountry "NOR"]
[SourceTitle "EXT 2005"]
[Source "ChessBase"]
[SourceDate "2004.11.15"]
[SourceVersion "1"]
[SourceVersionDate "2004.11.15"]
[SourceQuality "1"]

1. d4 c5 2. Nf3 cxd4 3. Nxd4 d5 4. Nf3 Nf6 5. e3 Bg4 6. Be2 e6 7. 0-0 Bd6 8. Nbd2 0-0 9. c4 Qb6 10. Nd4 Bxe2 11. Qxe2 Nc6 12. Nxc6 bxc6 13. Nf3 Rab8 14. b3 Ne4 15. Bb2 Qb4 16. Rfc1 Rfc8 17. Be5 Bxe5 18. Nxe5 Qd6 19. Nf3 Qa3 20. Qc2 h6 21. Nd2 Nxd2 22. Qxd2 a5 23. Rab1 Qb4 24. Qxb4 axb4 25. Rc2 dxc4 26. Rxc4 Ra8 27. Rb2 Kf8 28. Rxb4 Ra3 29. Rc4 Rca8 30. g3 Rxa2 31. Rxa2 Rxa2 32. Rxc6 Rb2 33. Rb6 Ke7 34. Kg2 g5 35. g4 Kf6 36. Kf3 Ke5 37. Rb5+ Kd6 38. e4 Kc6 39. Rb4 e5 40. Rc4+ Kb5 41. Rc7 Rxb3+ 42. Kg2 Rb4 43. f3 Rc4 44. Rxf7 Rc6 45. Rf5 Rc5 46. Kg3 Kb6 47. h4 gxh4+ 48. Kxh4 Rc3 1-0

[Event "Fredrikstad CC-ch"]
[Site "Fredrikstad"]
[Date "2002.02.20"]
[Round "6"]
[White "Jansson, Helge"]
[Black "Johansen, Bjoern Berg"]
[Result "1-0"]
[WhiteElo "1201"]
[BlackElo "1185"]
[PlyCount "61"]
[EventDate "2002.01.??"]
[EventType "swiss"]
[EventRounds "11"]
[EventCountry "NOR"]
[SourceTitle "EXT 2005"]
[Source "ChessBase"]
[SourceDate "2004.11.15"]
[SourceVersion "1"]
[SourceVersionDate "2004.11.15"]
[SourceQuality "1"]

1. d4 d5 2. Nf3 e6 3. e3 c5 4. b3 Nc6 5. Bb2 Nf6 6. Bd3 cxd4 7. exd4 Qc7 8. 0-0 Nb4 9. Re1 Nxd3 10. Qxd3 Bd7 11. Nbd2 a6 12. Ne5 Bb5 13. c4 dxc4 14. Ndxc4 Rd8 15. Rac1 Bb4 16. Re2 0-0 17. a4 Bc6 18. Nxc6 Qxc6 19. Ne5 Qd6 20. Qf3 Nd5 21. Rec2 Ba3 22. Nc4 Qf4 23. Bxa3 Qxd4 24. Bxf8 Kxf8 25. Rd1 Qc5 26. Ne3 Qa3 27. Nxd5 Rxd5 28. Rdc1 Qe7 29. Rc8+ Rd8 30. Rxd8+ Qxd8 31. Qxb7 1-0

[Event "Hostturnering"]
[Site "Fredrikstad"]
[Date "1993.??.??"]
[Round "?"]
[White "Jansson, Helge"]
[Black "Nilsen, Soeren"]
[Result "0-1"]
[WhiteElo "1200"]
[BlackElo "1500"]
[PlyCount "90"]
[EventDate "1993.??.??"]
[EventType "swiss"]
[EventRounds "9"]
[EventCountry "NOR"]
[SourceTitle "EXT 2006"]
[Source "ChessBase"]
[SourceDate "2005.11.24"]
[SourceVersion "1"]
[SourceVersionDate "2005.11.24"]
[SourceQuality "1"]

1. e4 c5 2. c3 e5 3. Nf3 d6 4. d4 cxd4 5. cxd4 Qb6 6. Nc3 Nf6 7. h3 Nbd7 8. Bc4 exd4 9. Qxd4 Qxd4 10. Nxd4 a6 11. b4 Ne5 12. Be2 Bd7 13. 0-0 Rc8 14. Bb2 Nc4 15. Bxc4 Rxc4 16. Nd5 Nxd5 17. exd5 Kd8 18. Nb3 Be7 19. Rfc1 Rxb4 20. Bd4 Rb5 21. Rc3 Bf6 22. Bxf6+ gxf6 23. Rf3 f5 24. Rd1 Rg8 25. Rd4 a5 26. Nd2 Rb2 27. Nc4 Rb1+ 28. Kh2 Rg6 29. Nxa5 b6 30. Nb3 b5 31. Rc3 Rb2 32. Rf4 Rxa2 33. Nd4 Rg5 34. Rg3 Rxg3 35. fxg3 Ra4 36. Kg1 Kc7 37. Kf2 Kb6 38. Ke2 Kc5 39. Nc2 Rxf4 40. gxf4 Kxd5 41. Kd3 Kc5 42. Kc3 Bc6 43. g3 Bg2 44. h4 Be4 45. Nd4 b4+ 0-1